| 000 | 00333nam a22001337a 4500 | ||
|---|---|---|---|
| 008 | 250801b |||||||| |||| 00| 0 eng d | ||
| 020 | _a0131788607 | ||
| 050 |
_aHD62.4 _b.C38 |
||
| 100 | _aCAVUSGIL, S. Tamer | ||
| 245 | _aInternational Business | ||
| 260 |
_aU.S.A _bPeason Prentice Hall _c2008 |
||
| 300 | _axxxv, 670p. | ||
| 942 | _cBK | ||
| 999 |
_c4397 _d4397 |
||